书目信息 |
| 题名: |
双语语料库的研制与应用
|
|
| 作者: | 秦洪武 著 | |
| 分册: | ||
| 出版信息: | 北京 外语教学与研究出版社 2021.01 |
|
| 页数: | 291页 | |
| 开本: | 21cm | |
| 丛书名: | 翻译学核心话题系列丛书 | |
| 单 册: | ||
| 中图分类: | H085.3 | |
| 科图分类: | ||
| 主题词: | 应用语言学 | |
| 电子资源: | ||
| ISBN: | 978-7-5213-2213-2 | |
| 000 | 00689nam0 2200217 450 | |
| 001 | 2154413471 | |
| 005 | 20210422151023.35 | |
| 010 | @a978-7-5213-2213-2@dCNY74.90 | |
| 100 | @a20210422d2021 km y0chiy0120 ea | |
| 101 | 0 | @achi |
| 102 | @aCN@b110000 | |
| 200 | 1 | @a双语语料库的研制与应用@AShuang Yu Yu Liao Ku De Yan Zhi Yu Ying Yong@f秦洪武著@FQin Hong Wu Zhu |
| 210 | @a北京@c外语教学与研究出版社@d2021.01 | |
| 215 | @a291页@d21cm | |
| 225 | 2 | @a翻译学核心话题系列丛书 |
| 410 | 0 | @12001 @a翻译学核心话题系列丛书 |
| 606 | 0 | @a应用语言学 |
| 690 | @aH085.3@v4 | |
| 701 | 0 | @a秦洪武@AQin Hong Wu@4著 |
| 801 | 0 | @aCN@b大连网信软件有限公司图书馆·11@c20210422 |
| 905 | @aZUCC@dH085.3@eQ407 | |
| 双语语料库的研制与应用/秦洪武著.-北京:外语教学与研究出版社,2021.01 |
| 291页;21cm.-(翻译学核心话题系列丛书) |
| ISBN 978-7-5213-2213-2:CNY74.90 |
| ● |
| 相关链接 |
|
|
|
正题名:双语语料库的研制与应用
索取号:H085.3/Q407
 
预约/预借
| 序号 | 登录号 | 条形码 | 馆藏地/架位号 | 状态 | 备注 |
| 1 | 1505110 | 215051100 | 外国语学院资料室/ [索取号:H085.3/Q407] | 在馆 | |
| 2 | 1505111 | 215051119 | 外国语学院资料室/ [索取号:H085.3/Q407] | 在馆 | |
| 3 | 1505112 | 215051128 | 外国语学院资料室/ [索取号:H085.3/Q407] | 在馆 | |
| 4 | 1505113 | 215051137 | 外国语学院资料室/ [索取号:H085.3/Q407] | 在馆 | |
| 5 | 1505114 | 215051146 | 外国语学院资料室/ [索取号:H085.3/Q407] | 在馆 |